Statistiche per Paesi con più medaglie vinte nelle Olimpiadi invernali

Clicka qui per fare il quiz!

Statistiche generali

  • Questo quiz è stato fatto 154 volte
  • Il punteggio medio è 16 su 19

Statistiche sulle risposte

MedagliePaese% Corretto
124Italia
100%
305Stati Uniti
100%
279Germania / Germania Ovest
98%
368Norvegia
98%
158Svezia
98%
124Francia
96%
120Russia
96%
199Canada
95%
167Finlandia
95%
62Cina
93%
58Giappone
93%
232Austria
90%
153Svizzera
88%
130Paesi Bassi
76%
31Regno Unito
71%
70Corea del Sud
70%
31Repubblica Ceca
57%
227Unione Sovietica / Squadra Unificata
49%
110Germania Est
41%

Distribuzione punteggi

Percentile per numero di risposta

Percentuale di utenti per punteggio

I tuoi punteggi nel tempo

Non hai fatto questo quiz